Quizzes
Events
Quiz Creation
Community
Videos
Private Events
Remove Ads
Sign In
Join for FREE
Feedback
Dark Mode
Quiz Categories
Sports
Geography
Music
Movies
Television
Just For Fun
Miscellaneous
History
Literature
Language
Science
Gaming
Entertainment
Religion
Holiday
For Kids
Quiz Lab
Recent
Popular Today
Quiz Kudos Today
Editor Picks
Curator Picks
Quizzes by...
Day
Popularity
Type
Ratings
Length
Year
Community
Subscriptions
Recent Discussions
Orange Saloon
Badges
Playlists
Quests
Create
Leaderboards
Showdown
Live 5
Trivia Bingo
Activity
Puzzle Library
Sporcle Events
Private Events
Virtual Trivia
Globe League
Become a Host
Pub Owners
SporcleCon
Opinionation
Our Games
Videos
Blog
Mobile Apps
Partnerships
Remove Ads and Go Orange
Feedback
Entertainment
Celebrity
Famous
Musical
Broadway
Show
Quote
Comic Books
Anime
Superhero
DC Comics
Marvel
Cartoons
Animation
Entertainment
Celebrity
Famous
Musical
Broadway
Show
Quote
Comic Books
Anime
Superhero
DC Comics
Marvel
Cartoons
Animation
Random Quiz
Search Sporcle
×
Quiz Lab
Quiz Lab
Entertainment
Celebrity
Type in answers that appear in a list
Type in answers that appear in a list
Classic
Best Score? Go Orange.
Powerful Celebrities 1999 to 2012 Stats
Can you name the Forbes 10 Most Powerful Celebrities for each year from 1999 to 2012?
By
opusthepenguin
15m
140 Questions
331 Plays
331 Plays
331 Plays
Comments
Comments
Give Quiz Kudos
Give Quiz Kudos
-
- Ratings
hide this ad
More Info
Replay
Link that replays current quiz
Next Quiz
Link to next quiz in quiz playlist
You Got
0%
They Got
Avg Score
58%
Avg Friend Score
Upgrade to see
Score Distribution
Jump to the score distribution portion of the page
Score
0/140
Timer
15:00
0
Plays Today
YEAR
CELEBRITY
% Correct
1999
2. Oprah Winfrey
84.9%
2000
3. Oprah Winfrey
84.9%
2001
9. Oprah Winfrey
84.9%
2002
8. Oprah Winfrey
84.9%
2003
8. Oprah Winfrey
84.9%
2004
3. Oprah Winfrey
84.9%
2005
1. Oprah Winfrey
84.9%
2006
3. Oprah Winfrey
84.9%
2007
1. Oprah Winfrey
84.9%
2008
1. Oprah Winfrey
84.9%
2009
2. Oprah Winfrey
84.9%
2010
1. Oprah Winfrey
84.9%
2011
2. Oprah Winfrey
84.9%
2012
2. Oprah Winfrey
84.9%
2007
5. Brad Pitt
80.4%
2008
10. Brad Pitt
80.4%
2009
9. Brad Pitt
80.4%
2000
7. Tiger Woods
78.9%
2001
2. Tiger Woods
78.9%
2002
2. Tiger Woods
78.9%
2003
3. Tiger Woods
78.9%
2004
2. Tiger Woods
78.9%
2005
2. Tiger Woods
78.9%
2006
5. Tiger Woods
78.9%
2007
2. Tiger Woods
78.9%
2008
2. Tiger Woods
78.9%
2009
5. Tiger Woods
78.9%
2010
5. Tiger Woods
78.9%
2011
6. Tiger Woods
78.9%
1999
1. Michael Jordan
78.5%
2000
5. Michael Jordan
78.5%
2001
6. Michael Jordan
78.5%
2002
9. Michael Jordan
78.5%
2004
7. Michael Jordan
78.5%
2008
4. Beyoncé Knowles
77%
2009
4. Beyoncé Knowles
77%
2010
2. Beyoncé Knowles
77%
1999
5. Steven Spielberg
76.4%
2000
10. Steven Spielberg
76.4%
2002
3. Steven Spielberg
76.4%
2003
4. Steven Spielberg
76.4%
2004
9. Steven Spielberg
76.4%
2005
6. Steven Spielberg
76.4%
2006
6. Steven Spielberg
76.4%
2007
10. Steven Spielberg
76.4%
2009
7. Steven Spielberg
76.4%
2012
10. Steven Spielberg
76.4%
YEAR
CELEBRITY
% Correct
2008
3. Angelina Jolie
74.9%
2009
1. Angelina Jolie
74.9%
2007
9. Jay-Z
72.5%
2008
7. Jay-Z
72.5%
2001
1. Tom Cruise
71.6%
2004
4. Tom Cruise
71.6%
2005
10. Tom Cruise
71.6%
2006
1. Tom Cruise
71.6%
2007
8. Tom Cruise
71.6%
2012
9. Tom Cruise
71.6%
2011
10. LeBron James
69.2%
2010
4. Lady Gaga
67.7%
2011
1. Lady Gaga
67.7%
2012
5. Lady Gaga
67.7%
2001
4. Britney Spears
66.2%
2002
1. Britney Spears
66.2%
2010
6. Britney Spears
66.2%
2012
6. Britney Spears
66.2%
2000
4. Tom Hanks
65.6%
2002
10. Tom Hanks
65.6%
2003
9. Tom Hanks
65.6%
2001
8. 'N Sync
62.8%
2002
6. 'N Sync
62.8%
2002
4. Madonna
61.6%
2005
8. Madonna
61.6%
2007
3. Madonna
61.6%
2009
3. Madonna
61.6%
2010
10. Madonna
61.6%
2011
7. Taylor Swift
61.6%
2000
8. Backstreet Boys
61.3%
2001
7. Backstreet Boys
61.3%
2004
6. J.K. Rowling
60.1%
2008
9. J.K. Rowling
60.1%
2009
10. Kobe Bryant
57.7%
2003
2. Eminem and Dr. Dre
57.4%
1999
3. Leonardo DiCaprio
56.8%
2005
9. Elton John
56.8%
2007
7. Elton John
56.8%
2011
5. Elton John
56.8%
2012
7. Kim Kardashian
55.9%
2012
8. Katy Perry
54.7%
2011
3. Justin Bieber
54.4%
2012
3. Justin Bieber
54.4%
2000
1. Julia Roberts
52.6%
2002
5. U2
51.7%
2006
4. U2
51.7%
2010
7. U2
51.7%
YEAR
CELEBRITY
% Correct
2011
4. U2
51.7%
2003
1. Jennifer Aniston
50.5%
2009
8. Jennifer Aniston
50.5%
1999
8. Robin Williams
50.2%
2012
4. Rihanna
48.9%
2003
5. Jennifer Lopez
45%
2012
5. Jennifer Lopez
45%
2011
9. Simon Cowell
44.7%
2004
10. Johnny Depp
42.3%
2005
7. Johnny Depp
42.3%
2007
6. Johnny Depp
42.3%
2008
6. Johnny Depp
42.3%
2010
9. Johnny Depp
42.3%
2008
5. David Beckham
42%
1999
6. Spice Girls
38.4%
2003
7. Ben Affleck
37.8%
2010
3. James Cameron
37.8%
2002
7. Mariah Carey
36%
1999
10. The Rolling Stones
35.6%
2000
6. The Rolling Stones
35.6%
2003
10. The Rolling Stones
35.6%
2004
5. The Rolling Stones
35.6%
2006
2. The Rolling Stones
35.6%
2007
4. The Rolling Stones
35.6%
2010
8. Sandra Bullock
35.6%
2003
6. Paul McCartney
35%
2000
2. George Lucas
33.2%
2005
4. George Lucas
33.2%
2001
3. The Beatles
31.7%
2005
5. Shaquille O'Neal
30.8%
1999
7. Harrison Ford
26.6%
2001
10. Mel Gibson
24.8%
2004
1. Mel Gibson
24.8%
2005
3. Mel Gibson
24.8%
2006
8. 50 Cent
24.8%
1999
4. Jerry Seinfeld
24.2%
2004
8. Bruce Springsteen
23%
2009
6. Bruce Springsteen
23%
2001
5. Bruce Willis
22.7%
2011
8. Bon Jovi
22.7%
2006
10. Dan Brown
21.5%
1999
9. Celine Dion
17.2%
2000
9. Cher
16.6%
2006
7. Howard Stern
14.2%
2008
8. The Police
6.6%
2006
9. Cast of The Sopranos
2.4%
Quiz Playlist
Details
Report
Send in Message
Add To Playlist
More Info:
The list includes both individuals and groups. It ranks celebrities according to "entertainment-related earnings plus media visibility."
Classic:
Type in answers that appear in a list
Quiz Source
Last Updated: Feb 16, 2017
Quiz Scoreboard
CHALLENGE
Sign Up to Join the Scoreboard
Show All
Scores
Hide
Comments
May contain spoilers
Recently Published
Click the 1999 NBA Draft
by nibperrychub
Sports
2m
Alphabetical 'K' Countries by Flag Minefield
by ylime102
Geography
3m
Pick 6: Fruits
by JohnFran
Miscellaneous
15s
More to Explore
Quiz From the Vault
Featured Blog Post
15 Basketball Trivia Facts You Can Be March Mad About
hide this ad
You Might Also Like...
Tags
Celebrity Quiz
Forbes Magazine
Powerful
Powerful People
Top 10
Today's Top Quizzes in Entertainment
Browse Entertainment
hide this ad
Today's Top Quizzes in Celebrity
Browse Celebrity
Top Contributed Quizzes in Entertainment
1
Eurovision 2023 Logic Puzzle
2
The Joker Actors by Order
3
Spider-Man Actors by Order
4
JoJo's Bizarre Logic Quiz
5
Marvel, Role-Playing, Shakespeare, and Cats, Oh My!
6
Click the Fictional John
7
Dragon Ball Z: Goku's Fights in Order
8
Click the Fictional Bruce
9
Picture Click Blitz: Snow White
10
The Incredible Hulk Actors by Order
Explore More
Trending Topics
Crossword
Disney
Harry Potter
Anime
NBA
Marvel
Kpop
Soccer
Country
NFL
The Office
WWE
Puzzle
Song
Pokémon
hide this ad
More By:
opusthepenguin
Quiz
Plays
Rating
Category
Featured
Created
Thanks for the Words, Germany!
81,596
4.59
Language
Nov 9, 2013
Comic Strip Slideshow
30,109
4.66
Entertainment
Jul 15, 2013
Symphonic Countdown
4,213
3.73
Music
Jul 12, 2013
Misquotable Quotes
2,479
3.89
Literature
Feb 22, 2014
Movie Comeback Lines
2,478
4.52
Movies
Apr 3, 2015
Go to Creator's Profile
Score Distribution
Quiz Creator Spotlight
opusthepenguin
Follow
Send a Message
Quizzes Created
-
Created Quiz Play Count
-
More By This Creator
Popular Quizzes Today
1
Countries of Asia Without Outlines Minefield
2
Find the US States - No Outlines Minefield
3
Pick 6: Fruits
4
Alphabetical 'K' Countries by Flag Minefield
5
The Countries of the World
6
Find the Countries of Europe - No Outlines Minefield
7
Find the US States
8
US States
More Entertainment Quizzes
Follow that Line; Avengers Endgame Quotes
Curator's Pick
Trending Quizzes
Pick 6: Mountains
Pick 6: Harry Potter
Pick 6: Flags
Pick 6: NFL Teams
Pick 6: Movie Franchises
Recently Updated
NWSL Teams
pecheneg
Women's Final Four Teams by Year
bhenderson79
Presidents Quartet II
eogle
Anything But Clue(do)
eogle
Anything But Oceanian Capitals
eogle
Anything But 7
eogle
Anything But Thing
eogle
Word Ladder: February 29
pecheneg
Song Title Questions
pecheneg
Women's NCAA Tournament #1 Seeds
pecheneg
Trending Topics
Crossword
Harry Potter
Anime
NBA
Disney
Kpop
Marvel
The Office
Song
WWE
Pokémon
Puzzle
NFL
Soccer
Country
Your Account Isn't Verified!
In order to create a playlist on Sporcle, you need to verify the email address you used during registration. Go to your
Sporcle Settings
to finish the process.
Report this User
Report this user for behavior that violates our
Community Guidelines
.
Details:
Send Report
Go to the Sporcle.com Mobile Site →
Comments